[Event "Niederrhein-ch"]
[Site "Solingen"]
[Date "2018.03.24"]
[Round "2.7"]
[White "Wilde, Justin"]
[Black "Terhuven, Patrick"]
[Result "0-1"]
[WhiteElo "1816"]
[BlackElo "2143"]
[PlyCount "32"]
[EventDate "2018.03.23"]
[EventType "swiss"]
[EventRounds "7"]
[EventCountry "GER"]
[SourceTitle "EXT 2022"]
[Source "ChessBase"]
[SourceDate "2021.10.06"]
[SourceVersion "1"]
[SourceVersionDate "2021.10.06"]
[SourceQuality "1"]

1. d4 Nf6 2. c4 e6 3. Nf3 Bb4+ 4. Bd2 Qe7 5. g3 Bxd2+ 6. Qxd2 Nc6 7. Nc3 d5 8. b3 dxc4 9. bxc4 e5 10. Nd5 Nxd5 11. cxd5 e4 12. dxc6 exf3 13. Rb1 bxc6 14. Qc3 0-0 15. Qxf3 Be6 16. Qxc6 Bf5 0-1